00330nam a2200133Ia 4500003000400000008004100004040001600045082001500061100001800076245004400094260003400138300000800172650001600180GCL140319s9999 xx 000 0 eng d aGCL / cGCL04a930.1bU T1 aUCKO, J.PETER10aTHEORY IN ARCHAEOLOGY / cUCKO, J.PETER a[S.N] : bROUTLEDGE ، c1995 a39204aARCHAEOLOGY